000 01052nam a2200289Ia 4500
001 ebr10141067
003 CaPaEBR
006 m u
007 cr cn|||||||||
008 000329s2006 enk s 000 0 eng d
020 _z9781854184887
020 _z1854183133
040 _aCaPaEBR
_cCaPaEBR
035 _a(OCoLC)427805349
050 1 4 _aHD1394
_b.M37 2006eb
082 0 4 _a658.200941
_222
100 1 _aMartin, David.
245 1 0 _aA-Z of facilities and property management
_h[electronic resource] /
_cDavid Martin.
260 _aLondon :
_bThorogood,
_c2006.
300 _axii, 401 p.
533 _aElectronic reproduction.
_bPalo Alto, Calif. :
_cebrary,
_d2009.
_nAvailable via World Wide Web.
_nAccess may be limited to ebrary affiliated libraries.
650 0 _aFacility management.
650 0 _aReal estate management.
655 7 _aElectronic books.
_2local
710 2 _aebrary, Inc.
856 4 0 _uhttp://site.ebrary.com/lib/rucke/Doc?id=10141067
_zAn electronic book accessible through the World Wide Web; click to view
999 _c186716
_d186716